| 000 | 00447cam a2200193ua 4500 | ||
|---|---|---|---|
| 001 | 3468 | ||
| 005 | 20260515113700.0 | ||
| 008 | 120216n ii |||gr||||Z||||||asm | ||
| 040 | _cMAIN | ||
| 082 | _a809 | ||
| 100 | _aBora, Mahendra, | ||
| 245 | 1 | 1 |
_aRamanyasbad _cby Mahendra Bora |
| 250 | _a2nd. | ||
| 260 |
_aDibrugarh: _bStudents emporium,987. |
||
| 300 |
_a249p: _c23cm. |
||
| 653 | _aAssamese poem | ||
| 653 | _aRamanyasbad | ||
| 942 | _cBK | ||
| 999 |
_c3309 _d3309 |
||